|
|
|
|
| LEADER |
00572cam a2200181 7i4500 |
| 001 |
0000025062 |
| 005 |
20101101090000.0 |
| 020 |
0 |
0 |
|a 978-1-57675-920-2
|
| 090 |
0 |
0 |
|a B 658.45
|b FOR
|
| 100 |
1 |
0 |
|a Ford
|
| 245 |
1 |
4 |
|a The Four conversations :
|b daily communication that gets results.
|
| 260 |
0 |
0 |
|a San Francisco:
|b Berrett - Koehler Publishers,
|c 2009.
|
| 300 |
# |
# |
|a 238 p.
|
| 650 |
0 |
0 |
|a Business communication
|
| 650 |
0 |
0 |
|a Communication in management
|
| 650 |
0 |
0 |
|a Interpersonal communication
|
| 700 |
1 |
1 |
|a Ford,
|h Laurie
|
| 999 |
|
|
|a B000027812
|b Book
|c Book
|e Business Information Centre
|